[Event "Arco op 46th"]
[Site "Arco"]
[Date "2024.10.12"]
[Round "8"]
[White "Pleimling, Luc"]
[Black "Prelati, Maurizio"]
[Result "0-1"]
[WhiteElo "1612"]
[BlackElo "1842"]
[PlyCount "102"]
[EventDate "2024.10.05"]
[EventType "swiss"]
[EventRounds "9"]
[EventCountry "ITA"]
[SourceTitle "CB44_2024"]
[Source "Chessbase"]
[SourceDate "2024.10.30"]
[SourceVersion "1"]
[SourceVersionDate "2024.10.30"]
[SourceQuality "1"]

1. d4 d5 2. Nf3 Nf6 3. g3 c6 4. Bg2 Bg4 5. 0-0 Nbd7 6. c4 e6 7. cxd5 exd5 8. Bf4 Be7 9. Qc2 0-0 10. Nc3 Bh5 11. Rfe1 Bg6 12. Qb3 Qb6 13. Qxb6 axb6 14. Nh4 b5 15. Nxg6 hxg6 16. e4 dxe4 17. Nxe4 Nxe4 18. Rxe4 Bf6 19. Bh3 Nb6 20. Bd6 Rfe8 21. Rxe8+ Rxe8 22. Bc5 Na4 23. Rb1 Re2 24. Kf1 Rc2 25. Ba7 b6 26. Rd1 Nxb2 27. Re1 Bxd4 28. Re8+ Kh7 29. Re2 Rc1+ 30. Kg2 Na4 31. Bd7 b4 32. Be8 Nc3 33. Rd2 Nb5 34. Bb8 f5 35. Bf4 Rc3 36. Kh3 Bf6 37. Be3 Nc7 38. Bf7 c5 39. Rd7 Nb5 40. Rb7 Nd6 41. Ra7 Nxf7 42. Rxf7 Ra3 43. Rb7 Ra6 44. Kg2 g5 45. h3 Kg6 46. Kf3 Be5 47. Re7 Bf6 48. Rb7 c4 49. Bxb6 Rxa2 50. Be3 b3 51. Rb6 b2 0-1

[Event "Arco op 46th"]
[Site "Arco"]
[Date "2024.10.09"]
[Round "5"]
[White "Morselli, Stefano"]
[Black "Pleimling, Luc"]
[Result "1-0"]
[WhiteElo "1822"]
[BlackElo "1612"]
[PlyCount "53"]
[EventDate "2024.10.05"]
[EventType "swiss"]
[EventRounds "9"]
[EventCountry "ITA"]
[SourceTitle "CB44_2024"]
[Source "Chessbase"]
[SourceDate "2024.10.30"]
[SourceVersion "1"]
[SourceVersionDate "2024.10.30"]
[SourceQuality "1"]

1. e4 e5 2. Nf3 Nf6 3. d4 Nxe4 4. Bd3 d5 5. dxe5 Be7 6. 0-0 0-0 7. Re1 Nc5 8. Nc3 Nxd3 9. Qxd3 c6 10. Bf4 Bg4 11. h3 Bh5 12. Rad1 Bg6 13. Qe2 Na6 14. e6 f6 15. Nh4 Qb6 16. Nxg6 hxg6 17. Qd3 g5 18. Be3 Qb4 19. Bd4 Qd6 20. Qg6 Nc7 21. Be3 Nxe6 22. Ne4 Qc7 23. Ng3 Bd6 24. Nf5 Bh2+ 25. Kh1 Be5 26. c3 Qf7 27. Nh6+ 1-0

[Event "Arco op 46th"]
[Site "Arco"]
[Date "2024.10.05"]
[Round "1"]
[White "Pleimling, Luc"]
[Black "Tonel, Giulia"]
[Result "1/2-1/2"]
[WhiteElo "1612"]
[BlackElo "1936"]
[PlyCount "52"]
[EventDate "2024.10.05"]
[EventType "swiss"]
[EventRounds "9"]
[EventCountry "ITA"]
[SourceTitle "CB44_2024"]
[Source "Chessbase"]
[SourceDate "2024.10.30"]
[SourceVersion "1"]
[SourceVersionDate "2024.10.30"]
[SourceQuality "1"]

1. d4 d5 2. Nf3 Nf6 3. g3 c6 4. Bg2 Bf5 5. c4 e6 6. Nc3 Nbd7 7. cxd5 exd5 8. 0-0 Be7 9. Re1 0-0 10. Nh4 Be4 11. f3 Bg6 12. Nxg6 hxg6 13. Qb3 Qb6 14. Qxb6 Nxb6 15. e4 dxe4 16. fxe4 Rad8 17. d5 cxd5 18. exd5 Bc5+ 19. Be3 Bxe3+ 20. Rxe3 Nbxd5 21. Nxd5 Nxd5 22. Ra3 b6 23. Bxd5 Rxd5 24. Rxa7 Rd2 25. Rf1 Rxb2 26. Rf2 Rxf2 1/2-1/2

[Event "BCF-ch Major"]
[Site "Hull"]
[Date "2024.08.04"]
[Round "9"]
[White "Pleimling, Luc"]
[Black "Sinclair, Colin"]
[Result "1-0"]
[WhiteElo "1615"]
[BlackElo "1783"]
[PlyCount "51"]
[EventDate "2024.07.27"]
[EventType "swiss"]
[EventRounds "9"]
[EventCountry "ENG"]
[SourceTitle "CBM 221 Extra"]
[Source "ChessBase"]
[SourceDate "2024.09.30"]
[SourceVersion "1"]
[SourceVersionDate "2024.09.30"]
[SourceQuality "1"]

1. d4 g6 2. e4 Bg7 3. Nc3 d6 4. Bg5 h6 5. Bh4 g5 6. Bg3 e6 7. Bc4 a6 8. Nge2 b5 9. Bb3 b4 10. Na4 Bb7 11. d5 e5 12. Qd2 a5 13. a3 bxa3 14. Rxa3 Nf6 15. Nac3 Nbd7 16. 0-0 0-0 17. Rfa1 Nc5 18. f3 Nh5 19. Bf2 Nxb3 20. Rxb3 Bc8 21. Rba3 f5 22. exf5 Bxf5 23. g4 Bxg4 24. fxg4 Qf6 25. Ne4 Qf4 26. Nxf4 1-0

[Event "BCF-ch Major"]
[Site "Hull"]
[Date "2024.08.03"]
[Round "8"]
[White "Pattni, Kishan"]
[Black "Pleimling, Luc"]
[Result "1-0"]
[WhiteElo "1746"]
[BlackElo "1615"]
[PlyCount "53"]
[EventDate "2024.07.27"]
[EventType "swiss"]
[EventRounds "9"]
[EventCountry "ENG"]
[SourceTitle "CBM 221 Extra"]
[Source "ChessBase"]
[SourceDate "2024.09.30"]
[SourceVersion "1"]
[SourceVersionDate "2024.09.30"]
[SourceQuality "1"]

1. f4 d5 2. Nf3 Nf6 3. b3 Bg4 4. e3 e6 5. Bb2 Nbd7 6. Be2 c5 7. d3 Be7 8. 0-0 Bxf3 9. Bxf3 Qb6 10. Nd2 a5 11. a4 c4 12. dxc4 Qxe3+ 13. Kh1 Bd6 14. cxd5 Qxf4 15. g3 Qh6 16. dxe6 fxe6 17. Qe1 0-0-0 18. Nc4 Bc7 19. Nxa5 Nd5 20. Nxb7 Kxb7 21. c4 Rhf8 22. cxd5 Rxf3 23. Rxf3 exd5 24. Qb4+ Kc8 25. Rc1 Ne5 26. Rxc7+ Kxc7 27. Bxe5+ 1-0

[Event "BCF-ch Major"]
[Site "Hull"]
[Date "2024.07.29"]
[Round "3"]
[White "Waterfield, Mark"]
[Black "Pleimling, Luc"]
[Result "1-0"]
[WhiteElo "1815"]
[BlackElo "1615"]
[PlyCount "29"]
[EventDate "2024.07.27"]
[EventType "swiss"]
[EventRounds "9"]
[EventCountry "ENG"]
[SourceTitle "CBM 221 Extra"]
[Source "ChessBase"]
[SourceDate "2024.09.30"]
[SourceVersion "1"]
[SourceVersionDate "2024.09.30"]
[SourceQuality "1"]

1. e4 e5 2. Nf3 Nf6 3. d4 Nxe4 4. Bd3 Nc6 5. dxe5 Nc5 6. Nc3 Nxd3+ 7. Qxd3 d6 8. Bf4 Qe7 9. 0-0-0 dxe5 10. Nxe5 Nxe5 11. Bxe5 Qg5+ 12. f4 Qe7 13. Nd5 Qd7 14. Nxc7+ Ke7 15. Qa3+ 1-0